诗歌史上著名的五位苏州主官 - Statistics

General Stats
  • This quiz has been taken 33 times
  • The average score is 3 of 5
Answer Stats
履历 姓名 % Correct
825-826任苏州刺史。由杭州调任苏州,主持修筑山塘并同样留下以其人命名的一条堤。与下一人并称且互为好友、多有唱和。 白居易
91%
1034-1035任苏州知州。任上兴修水利、创建州学及文庙。晚年在苏州创立家族义庄。 范仲淹
66%
1275兼任平江知府。宝祐四年曾高中状元。宋蒙战争中募兵勤王,后临时兼平江知府,同年兵败退守临安。宋亡后守节殉国。 文天祥
63%
788-790任苏州刺史,后终老于此。亦曾任滁州、江州刺史并留有名作。与下面两人合称苏州三杰。 韦应物
56%
832-834任苏州刺史。生于苏州,少中进士,后遭贬谪。老年归乡苏州任刺史,有治理水灾之功。 刘禹锡
44%
No matching quizzes found
Score Distribution
Percent of People with Each Score
Percentile by Number Answered
Your Score History
You have not taken this quiz